| 000 | 00541nam a2200169Ia 4500 | ||
|---|---|---|---|
| 008 | 090201s9999 xx 000 0 und d | ||
| 010 | _aKPL-39983 | ||
| 040 | _bमराठी | ||
| 041 | _aमराठी | ||
| 082 |
_a23314 _b39983 |
||
| 100 | _aगजानन जहागीरदार | ||
| 245 |
_aपाऊल खुणा _cगजानन जहागीरदार |
||
| 260 |
_c2004 _bमेहता पब्लिशिंग |
||
| 300 |
_a260 _bलहान |
||
| 600 | _aपाऊल खुणा | ||
| 942 | _cBOOK | ||
| 999 |
_c222792 _d222792 |
||